00641nam a22002297a 450000500170000001000130001702000080003003500130003803700160005104000120006708200220007910000210010124500450012224600430016726000360021027000440024630000200029065000260031065000320033665000230036865000200039120170123162357.0 aB-122708 c300 aB-122708 bCen Lib/Ret aDPLbUR a843.08bا ب ن  aابن کبول  aبو ستان خيالcابن کبول  aBostan - e- khayal /bby Ibne kanwal  a دہلی bKitabi Duniyac2005 b دہلی a1955, turkman gate e110006 a422صc19cm(Hb) aادب -- اردو  aاردو سونے عمری  aLiterature -- Urdu aUrdu biography